[Event "Chennai op 13th"]
[Site "Chennai"]
[Date "2022.06.22"]
[Round "6"]
[White "Deepan Chakkravarthy, J."]
[Black "Sonwani, Yashpal Singh"]
[Result "1-0"]
[WhiteElo "2478"]
[BlackElo "2178"]
[PlyCount "101"]
[EventDate "2022.06.19"]
[EventType "swiss"]
[EventRounds "10"]
[EventCountry "IND"]
[SourceTitle "CBM 209 Extra"]
[Source "ChessBase"]
[SourceDate "2022.09.30"]
[SourceVersion "1"]
[SourceVersionDate "2022.09.30"]
[SourceQuality "1"]

1. c4 Nf6 2. Nc3 b6 3. e4 Bb7 4. e5 Ne4 5. Nxe4 Bxe4 6. Qg4 Bg6 7. Nf3 Nc6 8. Be2 d6 9. d4 dxe5 10. d5 Nd4 11. Nxe5 Nxe2 12. Qxe2 e6 13. 0-0 Bd6 14. dxe6 Bxe5 15. Qxe5 Qd6 16. exf7+ Kxf7 17. Qxd6 cxd6 18. Rd1 Rhe8 19. Be3 Re6 20. Rd2 Rc8 21. b3 Be4 22. Bf4 Rd8 23. f3 Bc6 24. Rad1 g5 25. Bxg5 Rg8 26. Bh4 Reg6 27. Bg3 h5 28. Kf1 b5 29. Rxd6 bxc4 30. Rxg6 Rxg6 31. bxc4 Ke7 32. Kf2 Bd7 33. Bh4+ Ke8 34. Rd5 Ra6 35. Re5+ Kf8 36. a3 Be6 37. c5 Bf7 38. Re3 Be6 39. Bg3 Kf7 40. Bd6 h4 41. Rc3 Bd5 42. g4 Bc6 43. Kg2 Ra4 44. Kh3 Rd4 45. Kxh4 Rd2 46. h3 a5 47. f4 a4 48. Kg5 Rb2 49. f5 Rb3 50. Rxb3 axb3 51. Be5 1-0